Celebrity Picture Click: Bible Version Quiz Stats

 Plays Quiz not verified by Sporcle

Score 0/12 Timer 05:00
0 Plays Today
% Correct
Jonah Hill
75.8%
Esther Rolle
72.2%
Ruth Bader Ginsburg
63.2%
Matthew McConaughey
57.9%
Mark Wahlberg
57.1%
Joel McHale
55.8%
John Cena
54.9%
Peter Dinklage
54.9%
Luke Wilson
54.7%
Samuel L. Jackson
53.2%
Jude Law
50.8%
Timothy Dalton
48.9%

You're not logged in!

Compare scores with friends on all Sporcle quizzes.
OR
Log In

You Might Also Like...

Show Comments

Extras

Top Quizzes Today


Score Distribution

Your Account Isn't Verified!

In order to create a playlist on Sporcle, you need to verify the email address you used during registration. Go to your Sporcle Settings to finish the process.

Report this User

Report this user for behavior that violates our Community Guidelines.

Details: